Comunicación y Psicología ...y los Dinosaurios se echaron a volar.
Պահպանված է:
| Հիմնական հեղինակ: | |
|---|---|
| Ձևաչափ: | Գիրք |
| Լեզու: | անգլերեն |
| Հրապարակվել է: |
Chillán, Chile:
Universidad del Bío Bío; Editora LOGOS,
2004.
|
| Շարք: | Colección Alamano.
|
| Խորագրեր: | |
| Ցուցիչներ: |
Ավելացրեք ցուցիչ
Չկան պիտակներ, Եղեք առաջինը, ով նշում է այս գրառումը!
|
MARC
| LEADER | 00000nam a22000007a 4500 | ||
|---|---|---|---|
| 003 | CL-VaPUC | ||
| 005 | 20241022115333.0 | ||
| 008 | 240823b ||||| |||| 00| 0 eng d | ||
| 999 | |c 444507 |d 444505 | ||
| 040 | |c Pontificia Universidad Católica de Valparaíso | ||
| 082 | |2 22 |a 150.1 CAL 2004 | ||
| 100 | |9 890793 |a Calviño V., Manuel |e autor | ||
| 245 | |a Comunicación y Psicología ...y los Dinosaurios se echaron a volar. | ||
| 250 | |b Edición Especial y Limitada para el Magíster en Familia. | ||
| 260 | |a Chillán, Chile: |b Universidad del Bío Bío; |b Editora LOGOS, |c 2004. | ||
| 300 | |a 191 páginas. | ||
| 490 | |a Colección Alamano. | ||
| 500 | |a c.1 Donación MEMO Biblioteca Mayor de Educación 14/08/2024. | ||
| 583 | |c 20240823 |k Yessy Sthefany Diaz Vidal | ||
| 650 | 0 | |9 257863 |a Psicología |v Aspectos teóricos |y Siglo 20 | |
| 650 | 0 | |9 307258 |a Psicoterapia |x Epistemología | |
| 650 | 0 | |9 334226 |a Comunicación social |v Aspectos psicológicos | |
| 942 | |2 ddc |c BK | ||
| 952 | |0 0 |1 0 |2 ddc |4 0 |6 150_100000000000000_CAL_2004 |7 0 |8 A |9 596374 |a BIBEDU |b BIBEDU |d 2024-08-23 |e Donación |i 5662437 |o 150.1 CAL 2004 |p 5662437 |r 2024-08-23 |t 1 |w 2024-08-23 |y BK |k PSI | ||